000 00220nam a22000977a 4500
020 _a9780140309577
100 _aAstrid Lindgren
245 _aPippi Longstocking
260 _aNew York
_bPenguin Group
_c1997
942 _cBK
999 _c265425
_d265424